|
|
|
|
| LEADER |
00000nab a2200000 a 4500 |
| 001 |
vtls000286197 |
| 003 |
SK-MaSNL |
| 005 |
20260303235858.0 |
| 008 |
111202c1984 xo 0 slo |
| 015 |
|
|
|a SNBRA19rr/mm-uuuuu
|
| 035 |
|
|
|a CL0296315
|
| 040 |
|
|
|a SNKBUCL
|b slo
|c SNKBUCL
|e AACR2
|
| 041 |
0 |
|
|a slo
|
| 044 |
|
|
|a xo
|c SK
|
| 080 |
|
|
|a 631.587+631.67:620.9
|2 1981
|
| 080 |
|
|
|a 631.67
|2 1981
|
| 080 |
|
|
|a 620.9
|2 1981
|
| 100 |
1 |
|
|a Čislák, Vincent,
|d 1930-2002
|4 aut
|9 165055
|
| 245 |
1 |
0 |
|a Energetická efektívnosť poľnohospodárskej výroby v závlahách
|c Vincent Čislák
|
| 300 |
|
|
|b Tb. 2.
|
| 650 |
0 |
7 |
|a rastlinná výroba
|2 snkbucl
|9 2835
|
| 650 |
0 |
7 |
|a závlahy
|2 snkbucl
|9 13225
|
| 655 |
|
7 |
|a články zo zborníkov
|2 snkbucl
|9 166140
|
| 773 |
0 |
|
|t Pôda - voda - rastlina
|d Michalovce : KPVS, 1984
|g S. 23-38
|
| 850 |
|
|
|a Slovenská národná knižnica v Martine
|a MTA001
|
| 852 |
|
|
|a SNK
|b KIS3GCP
|
| 958 |
|
|
|a RK
|
| 992 |
|
|
|a RZB
|
| 999 |
|
|
|c 2528321
|d 2530251
|